000 01798cam a2200373 i 4500
001 EDZ0000085763
003 StDuBDS
005 20161031105122.0
006 m||||||||d||||||||
007 cr |||||||||||
008 120524s2014 cau fo| 001|0|eng|d
020 _a9781446247501 (ebook) :
_cNo price
040 _aStDuBDS
_beng
_cStDuBDS
_erda
_epn
049 _aAlfaisal Main Library
050 0 _aGE149
_b.E442 2014
082 0 4 _a363.703
_223
245 0 0 _aEncyclopedia of environmental change /
_cJohn A. Matthews, editor.
264 1 _aThousand Oaks, California :
_bSAGE Publications,
_c2014.
300 _a1 online resource
336 _atext
_2rdacontent
337 _acomputer
_2rdamedia
338 _aonline resource
_2rdacarrier
504 _aIncludes bibliographical references and index.
520 8 _aAccessibly written by a team of international authors, the Encyclopedia of Environmental Change provides a gateway to the complex facts, concepts, techniques, methodology and philosophy of environmental change. Over 4,000 entries explore the following key themes and more: conservation; demographic change; environmental management; environmental policy; environmental security; food security; glaciation; the green revolution; and human impact on the environment.
521 _aSpecialized.
588 _aDescription based on online resource; title from home page (viewed on December 15, 2014).
650 0 _aGlobal environmental change
_vEncyclopedias.
655 7 _aElectronic books.
_2local
700 1 _aMatthews, John A.
_q(John Anthony),
_d1947-
_eeditor.
710 2 _aSage eBooks
776 0 8 _iPrint version :
_z9781446247112
856 4 0 _uhttp://ezproxy.alfaisal.edu/login?url=http://sk.sagepub.com/reference/dictionaryenvirochange
942 _2lcc
_cEBOOKS
999 _c479674
_d479674